Central Library OPAC University of Rajshahi

Moulded in earth / (Record no. 20172)

MARC details
000 -LEADER
fixed length control field 00664nam a22002531 4500
001 - CONTROL NUMBER
control field 20172
003 - CONTROL NUMBER IDENTIFIER
rucl marc code BD-RjUL
005 - DATE AND TIME OF LATEST TRANSACTION
control field 20211209000529.0
008 - FIXED-LENGTH DATA ELEMENTS--GENERAL INFORMATION
fixed length control field 140226s1951 enk 000 1 eng
035 ## - SYSTEM CONTROL NUMBER
System control number (BD-RjUL) 20234
System control number (OCoLC)4048499
040 ## - CATALOGING SOURCE
Original cataloging agency DLC
Transcribing agency NmU
Modifying agency BD-RjUL
Language of cataloging eng
041 ## - LANGUAGE CODE
Language code of text/sound track or separate title eng
082 04 - DEWEY DECIMAL CLASSIFICATION NUMBER
Author mark and year VAM 1951
Classification number 891.6632
100 1# - MAIN ENTRY--PERSONAL NAME
Personal name Vaughan, Richard
Dates associated with a name 1904-1983.
9 (RLIN) 62158
245 10 - TITLE STATEMENT
Title Moulded in earth /
Statement of responsibility, etc. Richard Vaughan
250 ## - EDITION STATEMENT
Edition statement [1st ed.]
260 ## - PUBLICATION, DISTRIBUTION, ETC. (IMPRINT)
Place of publication, distribution, etc. London :
Name of publisher, distributor, etc. John Murry,
Date of publication, distribution, etc. c1951.
300 ## - PHYSICAL DESCRIPTION
Pagination 288 p. ;
Size 19 cm.
653 ## - INDEX TERM--UNCONTROLLED
Uncontrolled term Welsh fiction
942 ## - ADDED ENTRY ELEMENTS (KOHA)
Source of classification or shelving scheme Dewey Decimal Classification
Koha item type Books
Holdings
Lost status Source of classification or shelving scheme Damaged status Not for loan Collection code Permanent Location Current Location Shelving location Date acquired Source of acquisition Cost, normal purchase price Total Checkouts Full call number Date last seen Copy number Koha item type
  Dewey Decimal Classification   Not For Loan Fiction Central Library, University of Rajshahi Central Library, University of Rajshahi Reading Room 24/09/1956 A. B. C. 4.10   891.6632 VAM 1951 26/02/2014 C-1 Books